| 000 | 00789nam a2200229 u 4500 | ||
|---|---|---|---|
| 005 | 20220901130601.0 | ||
| 008 | 170824s2007 r 000 0 eng d | ||
| 020 | _a9789707019959 | ||
| 035 | _aUPN01000219926 | ||
| 049 | _aCG | ||
| 050 | 4 |
_aF1435.1 Y8.9 _bL5.3 |
|
| 100 | 1 |
_aLizama Quijano, Jesús José _941486 |
|
| 245 | 1 | 0 |
_aEstar en el mundo : _bprocesos culturales, estrategias económicas y dinámicas entre los mayas yucatecos / _cJesús Lizama Quijano. |
| 260 |
_aMéxico : _bCIESAS : _bPorrúa, _c2007 |
||
| 300 | _a212 p. | ||
| 440 | 0 |
_aPeninsular. _pAntropología |
|
| 650 | 4 |
_aMAYAS - _zYUCATAN - _xIDENTIDAD ETNICA _923369 |
|
| 650 | 4 |
_aMAYAS - _zYUCATAN - _xCONDICIONES ECONOMICAS _926611 |
|
| 650 | 2 |
_aMayas _xAntigüedades _922915 |
|
| 905 | _aLibro | ||
| 999 |
_c192025 _d192025 |
||